| 000 | 01131cam a22002533a 4500 | ||
|---|---|---|---|
| 001 | 6991 | ||
| 003 | PGUSA | ||
| 005 | 20140828083139.0 | ||
| 008 | 041101s2004||||xxu|||||s|||||000 1 eng d | ||
| 040 |
_aPGUSA _beng |
||
| 042 | _adc | ||
| 050 | 4 | _aPS | |
| 100 | 1 |
_aPorter, Eleanor H. _q(Eleanor Hodgman), _d1868-1920 |
|
| 245 | 1 | 0 |
_aAcross the Years _h[electronic resource] / _cEleanor H. Porter |
| 260 |
_bProject Gutenberg, _c2004 |
||
| 505 | 0 | _aWhen father and mother rebelled -- Jupiter Ann -- The Axminster path -- Phineas and the motor car -- The most wonderful woman -- The price of a pair of shoes -- The long road -- A couple of capitalists -- In the footsteps of Katy -- The bridge across the years -- For Jimmy -- A summons home -- The black silk gowns -- A belated honeymoon -- When Aunt Abby waked up -- Wristers for three -- The giving thanks of Cyrus and Huldah -- A New England idol. | |
| 506 | _aPublic domain in the USA. | ||
| 516 | _aElectronic text | ||
| 653 | _aShort stories | ||
| 653 | _aFiction | ||
| 830 | 0 |
_aProject Gutenberg _v6991 |
|
| 856 | 4 | 0 | _uhttp://www.gutenberg.org/ebooks/6991 |
| 942 | _cEB | ||
| 999 |
_c236311 _d236311 |
||